Central Library OPAC University of Rajshahi

Reminiscences of the English Lake poets / (Record no. 18225)

MARC details
000 -LEADER
fixed length control field 00879cam a22002652a 4500
001 - CONTROL NUMBER
control field 18225
003 - CONTROL NUMBER IDENTIFIER
rucl marc code BD-RjUL
005 - DATE AND TIME OF LATEST TRANSACTION
control field 20211209000244.0
008 - FIXED-LENGTH DATA ELEMENTS--GENERAL INFORMATION
fixed length control field 140220s1961 enk 000 0beng u
035 ## - SYSTEM CONTROL NUMBER
System control number (BD-RjUL)18283
-- OCLC ocm07397758 from D950712M
040 ## - CATALOGING SOURCE
Original cataloging agency IAZ
Modifying agency WSU
-- UKM
-- RCM
-- EQO
Language of cataloging eng
Transcribing agency BD-RjUL
041 ## - LANGUAGE CODE
Language code of text/sound track or separate title eng
082 00 - DEWEY DECIMAL CLASSIFICATION NUMBER
Classification number 821.7
Edition number 18
Author mark and year QUR 1961
100 1# - MAIN ENTRY--PERSONAL NAME
Personal name De Quincey, Thomas,
Dates associated with a name 1785-1859.
9 (RLIN) 56098
245 10 - TITLE STATEMENT
Title Reminiscences of the English Lake poets /
Statement of responsibility, etc. Thomas De Quincey. Introduction and notes by John E. Jordan.
250 ## - EDITION STATEMENT
Edition statement [Rev. ed.]
260 ## - PUBLICATION, DISTRIBUTION, ETC. (IMPRINT)
Place of publication, distribution, etc. London :
Name of publisher, distributor, etc. J.M. Dent & Sons, ltd ;
Place of publication, distribution, etc. New York :
Name of publisher, distributor, etc. E. P. Dutton & co., inc,
Date of publication, distribution, etc. 1961.
300 ## - PHYSICAL DESCRIPTION
Pagination xiii, 325 p. ;
Size 19 cm
490 1# - SERIES STATEMENT
Series statement Everyman's library ;
Volume/sequential designation 163
650 #0 - SUBJECT ADDED ENTRY--TOPICAL TERM
Topical term or geographic name as entry element Lake poets
9 (RLIN) 56099
830 #0 - SERIES ADDED ENTRY--UNIFORM TITLE
Volume number/sequential designation 163
Uniform title Everyman's library ;
942 ## - ADDED ENTRY ELEMENTS (KOHA)
Source of classification or shelving scheme Dewey Decimal Classification
Koha item type Books
Holdings
Lost status Source of classification or shelving scheme Damaged status Not for loan Collection code Permanent Location Current Location Shelving location Date acquired Source of acquisition Cost, normal purchase price Total Checkouts Full call number Date last seen Copy number Koha item type
  Dewey Decimal Classification   Not For Loan Non-fiction Central Library, University of Rajshahi Central Library, University of Rajshahi Reading Room 26/11/1968 Zeitlinger 16.00   821.7 QUR 1961 20/02/2014 C-1 Books